| 000 | 00537nam a2200181Ia 4500 | ||
|---|---|---|---|
| 001 | 7636 | ||
| 005 | 20260306160509.0 | ||
| 008 | 260306t2008||||xx |||||||||||||| ||spa|| | ||
| 041 | _aESP | ||
| 082 |
_a352.75 _bI59A |
||
| 110 |
_aInstituto Nacional de Estadítica e Informática (Perú). Dirección de Censos y Encuestas _eAUT |
||
| 245 | 0 |
_aCensos nacionales 2007: _bXI de población y VI de vivienda. Departamento de Arequipa |
|
| 260 | _c2008 | ||
| 300 |
_a _c29 cm. |
||
| 650 | _aGEN | ||
| 654 | _aCAN | ||
| 942 |
_cLIB _dJUS _fJUS _2ddc _n |
||
| 999 |
_c7636 _d7636 |
||